Normal view
MARC view
Entry Personal Name
001 - CONTROL NUMBER
- control field: 379986
003 - CONTROL NUMBER IDENTIFIER
- control field: OSt
005 - DATE AND TIME OF LATEST TRANSACTION
- control field: 20220927110729.0
008 - FIXED-LENGTH DATA ELEMENTS
- fixed length control field: 220927|| aca||aabn | a|a d
040 ## - CATALOGING SOURCE
- Original cataloging agency: OSt
- Transcribing agency: OSt
100 ## - HEADING--PERSONAL NAME
- Personal name: India Unemployment (Committee on-) Agriculture. (Working Group on-) (1971) (Chairman;K Ramian)
670 ## - SOURCE DATA FOUND
- Source citation: Work cat.: (OSt)697740: India Unemployment (Committee on-) Agriculture. (Working Group on-) (1971) (Chairman;K Ramian) 379985, Report, 1972
